<?xml version="1.0" encoding="UTF-8"?>
<record
    xmlns:xsi="http://www.w3.org/2001/XMLSchema-instance"
    xsi:schemaLocation="http://www.loc.gov/MARC21/slim http://www.loc.gov/standards/marcxml/schema/MARC21slim.xsd"
    xmlns="http://www.loc.gov/MARC21/slim">

  <leader>00397nam a22001337a 4500</leader>
  <controlfield tag="008">221116b        |||||||| |||| 00| 0 eng d</controlfield>
  <datafield tag="020" ind1=" " ind2=" ">
    <subfield code="a">0854768343</subfield>
  </datafield>
  <datafield tag="100" ind1=" " ind2=" ">
    <subfield code="a">Kendrick, Graham </subfield>
  </datafield>
  <datafield tag="245" ind1=" " ind2=" ">
    <subfield code="a">Worship:</subfield>
    <subfield code="b">the believer's guide to worship to the praise of his glory/ </subfield>
    <subfield code="c">Graham Kendrick</subfield>
  </datafield>
  <datafield tag="260" ind1=" " ind2=" ">
    <subfield code="a">England</subfield>
    <subfield code="b">Kingsway Publications </subfield>
    <subfield code="c">1999</subfield>
  </datafield>
  <datafield tag="300" ind1=" " ind2=" ">
    <subfield code="a">207p.</subfield>
  </datafield>
  <datafield tag="650" ind1=" " ind2=" ">
    <subfield code="a">Worship</subfield>
  </datafield>
  <datafield tag="942" ind1=" " ind2=" ">
    <subfield code="2">lcc</subfield>
    <subfield code="c">BK</subfield>
  </datafield>
  <datafield tag="999" ind1=" " ind2=" ">
    <subfield code="c">19812</subfield>
    <subfield code="d">19811</subfield>
  </datafield>
  <datafield tag="952" ind1=" " ind2=" ">
    <subfield code="0">0</subfield>
    <subfield code="1">0</subfield>
    <subfield code="2">lcc</subfield>
    <subfield code="7">0</subfield>
    <subfield code="a">KABU</subfield>
    <subfield code="b">KABU</subfield>
    <subfield code="d">2022-11-16</subfield>
    <subfield code="g">6262.00</subfield>
    <subfield code="l">2</subfield>
    <subfield code="o">BV6 .K46 1999 c.1</subfield>
    <subfield code="p">032637</subfield>
    <subfield code="r">2024-08-02 00:00:00</subfield>
    <subfield code="s">2023-01-04</subfield>
    <subfield code="w">2022-11-16</subfield>
    <subfield code="y">BK</subfield>
  </datafield>
  <datafield tag="952" ind1=" " ind2=" ">
    <subfield code="0">0</subfield>
    <subfield code="1">0</subfield>
    <subfield code="2">lcc</subfield>
    <subfield code="7">0</subfield>
    <subfield code="a">KABU</subfield>
    <subfield code="b">KABU</subfield>
    <subfield code="d">2022-11-16</subfield>
    <subfield code="g">6262.00</subfield>
    <subfield code="l">1</subfield>
    <subfield code="m">1</subfield>
    <subfield code="o">BV6 .K46 1999 c.2</subfield>
    <subfield code="p">032638</subfield>
    <subfield code="r">2024-08-02 00:00:00</subfield>
    <subfield code="s">2022-12-14</subfield>
    <subfield code="w">2022-11-16</subfield>
    <subfield code="y">BK</subfield>
  </datafield>
</record>
